| 000 | 01513nam a2200241 a 4500 | ||
|---|---|---|---|
| 008 | 081203s2000 ||||||||||||||||| || u | ||
| 020 | _a0395960762 | ||
| 050 | _aPE 1128.A2 Sus | ||
| 100 | _aPally, Marcia [and others] | ||
| 245 | 1 | 0 |
_aSustained content teaching in academic ESL/EFL _cedited by Marcia Pally [and others] |
| 260 |
_aBoston _bHoughton Mifflin _c2000 |
||
| 300 | _axvi, 247p. | ||
| 350 | _a0.00 | ||
| 650 | _aENGLISH--DICTIONARIES | ||
| 650 | _aLANGUAGE ARTS--CORRELATION WITH CONTENT SUBJECTS | ||
| 650 | _aENGLISH LANGUAGE --STUDY AND TEACHING--ZAMBIA | ||
| 650 | _aINTERDISCIPLINARY APPROACH IN EDUCATION | ||
| 995 |
_aMAIN LIBRARY OPEN ACCESS _D0.00 _e738947 _FCBU-MAIN LIBRARY (Kitwe) _H1 _I0.00 _jPE 1128.A2 SUS _M4 _UAVAILABLE _WDec 3, 2008 _y738947 _ZMain Library Open Access Collection |
||
| 995 |
_aMAIN LIBRARY OPEN ACCESS _D0.00 _e738944 _FCBU-MAIN LIBRARY (Kitwe) _H1 _I0.00 _jPE 1128.A2 SUS _M1 _UAVAILABLE _WDec 3, 2008 _y738944 _ZMain Library Open Access Collection |
||
| 995 |
_aANNEX COLLECTION (Main Library) _D0.00 _e738948 _FCBU-MAIN LIBRARY (Kitwe) _H1 _I0.00 _jPE 1128.A2 SUS _M5 _UAVAILABLE _WJul 14, 2009 _y738948 _ZAnnex Low-Usage Collection |
||
| 995 |
_aANNEX COLLECTION (Main Library) _D0.00 _e738946 _FCBU-MAIN LIBRARY (Kitwe) _H1 _I0.00 _jPE 1128.A2 SUS _M3 _UAVAILABLE _WDec 3, 2008 _y738946 _ZAnnex Low-Usage Collection |
||
| 995 |
_aANNEX COLLECTION (Main Library) _D0.00 _e738945 _FCBU-MAIN LIBRARY (Kitwe) _H1 _I0.00 _jPE 1128.A2 SUS _M2 _UAVAILABLE _WDec 3, 2008 _y738945 _ZAnnex Low-Usage Collection |
||
| 999 |
_c80875 _d80875 |
||